Normal view MARC view
  • Chesshire, Gibson and Company

Entry Corporate Name

Number of records used in: 1

001 - CONTROL NUMBER

  • control field: 5463

003 - CONTROL NUMBER IDENTIFIER

  • control field: OSt

005 - DATE AND TIME OF LATEST TRANSACTION

  • control field: 20190806150243.0

008 - FIXED-LENGTH DATA ELEMENTS

  • fixed length control field: 071126n| aaannaabn |n ana d

040 ## - CATALOGING SOURCE

  • Original cataloging agency: OSt
  • Transcribing agency: OSt

110 2# - HEADING--CORPORATE NAME

  • Corporate name or jurisdiction name as entry element: Chesshire, Gibson and Company

670 ## - SOURCE DATA FOUND

  • Source citation: Chesshire, Gibson & Company, [1984]